Principles and practice of plant conservation / (Registro nro. 322)

Detalles MARC
000 -CABECERA
Campo de control 00722cam a2200205 a 4500
005 - FECHA Y HORA DE LA ULTIMA TRANSACCION
Campo de control 20160104113157.0
008 - ELEMENTOS DE LONGITUD FIJA—INFORMACION GENERAL
Campo de control 930607s1994 -usabd b 001 0 eng
020 ## - ISBN
ISBN 0881922498 :
040 ## - FUENTE DE CATALOGACIÓN
Agencia catalogadora original DLC
Agencia transcriptora DLC
Agencia Modificadora DLC
-- CO-BoIAVH
041 1# - IDIOMA
Código de idioma para texto/pista de sonido o título separado Inglés
082 00 - NUMERO DE CLASIFICACION DECIMAL DEWEY
Número de clasificación 333.95316
Número del ítem G53p
100 1# - ASIENTO PRINCIPAL--NOMBRE PERSONAL
Nombre personal Given, David R.
9 (RLIN) 7327
245 10 - MENCION DE TITULO
Título Principles and practice of plant conservation /
Mención de responsabilidad David R. Given.
260 ## - PUBLICACION, DISTRIBUCION, ETC. (PIE DE IMPRENTA)
Lugar de publicación, distribución, etc. Portland, Oregon :
Nombre del editor, distribuidor, etc. Timber Press,
Fecha de publicación, distribución, etc. c1994.
300 ## - DESCRIPCION FISICA
Extensión viii, 292 páginas :
Otros detalles físicos Ilustraciones, mapa, gráficos ;
Dimensiones 27 x 19 cm.
504 ## - NOTA DE BIBLIOGRAFIA, ETC.
Nota de bibliografía Includes bibliographical references (p. 251-279) and index.
650 #6 - ASIENTO SECUNDARIO DE MATERIA - TERMINO TEMATICO
Término temático o nombre geográfico como elemento de entrada Conservación de plantas
9 (RLIN) 16351
650 #6 - ASIENTO SECUNDARIO DE MATERIA - TERMINO TEMATICO
Término temático o nombre geográfico como elemento de entrada Diversidad vegetal
Subdivisión general Conservación
9 (RLIN) 45782
942 ## - ELEMENTOS ADICIONALES (KOHA)
Sistema de clasificación Dewey Decimal Classification
Tipo de ítem Libro
Existencias
Withdrawn status Lost status Sistema de Clasificación Damaged status No para préstamo Colección Inventariado Ubicación Permanente Ubicación actual Fecha de adquisición Fuente de Valor Valor Total Checkouts Número topográfico Inventario / Código de Barras Date last seen Ejemplar Price effective from Tipo de material
    Dewey Decimal Classification     General Inventariado 2017 Bogotá Bogotá 29/12/1997 Instituto 39000.00   LB-333.95316 G53p 000451 22/05/2014 Ej. 1 04/12/2012 Libro